000 00578nam a2200229 a 4500
001 nice12345678
003 IN_TiNIC
005 20260116014108.0
008 070413s2006 oxfa grp 000 0 eng
020 _a1851681922
_c250
082 0 0 _a297
_bTAY
100 _aTayob, Abdulkader
245 _aIslam
_b A Short Introduction
260 _aOxford
_bOne World Publications
_c2006
300 _a178p
500 _aincludes index and biblioraphy
650 _aIslam-Meccan Trade
700 1 _aTayob, Abdulkader
902 _bSRS
942 _cBK
999 _c13853
_d13853